TEXT BOOK OF CLIINICAL MEDICINE FOR DENTAL STUDENTS (Record no. 4581)
[ view plain ]
| 000 -LEADER | |
|---|---|
| fixed length control field | 00368nam a2200145Ia 4500 |
| 008 - FIXED-LENGTH DATA ELEMENTS--GENERAL INFORMATION | |
| fixed length control field | 150201s2011 xx 000 0 und d |
| 082 ## - DEWEY DECIMAL CLASSIFICATION NUMBER | |
| Classification number | 610 |
| Item number | C2011C |
| 100 ## - MAIN ENTRY--PERSONAL NAME | |
| Personal name | CHUGH,SN |
| 245 ## - TITLE STATEMENT | |
| Title | TEXT BOOK OF CLIINICAL MEDICINE FOR DENTAL STUDENTS |
| 250 ## - EDITION STATEMENT | |
| Edition statement | 1ST |
| 260 ## - PUBLICATION, DISTRIBUTION, ETC. (IMPRINT) | |
| Name of publisher, distributor, etc. | ARYA PUBLICATION |
| Place of publication, distribution, etc. | DELHI |
| Date of publication, distribution, etc. | 2011 |
| 300 ## - PHYSICAL DESCRIPTION | |
| Extent | 1-640 |
| 650 ## - SUBJECT ADDED ENTRY--TOPICAL TERM | |
| Topical term or geographic name as entry element | MEDICINE |
| 942 ## - ADDED ENTRY ELEMENTS (KOHA) | |
| Source of classification or shelving scheme | Dewey Decimal Classification |
| Koha item type | Books |
| Koha issues (borrowed), all copies | 66 |
| Withdrawn status | Lost status | Source of classification or shelving scheme | Damaged status | Not for loan | Home library | Current library | Date acquired | Source of acquisition | Cost, normal purchase price | Serial Enumeration / chronology | SGTU | Bill Number | Total Checkouts | Full call number | Barcode | Date last seen | Date last checked out | Bill Date | Koha item type | Total Renewals |
|---|---|---|---|---|---|---|---|---|---|---|---|---|---|---|---|---|---|---|---|---|
| Dewey Decimal Classification | SGT Dental Library | SGT Dental Library | 17/11/2010 | U.B.S.DELHI | 550.00 | 1 | SGTU | 664 | 19 | 610 C2011C | FD6326 | 31/08/2023 | 29/07/2023 | 08/04/2013 | Books | |||||
| Dewey Decimal Classification | SGT Dental Library | SGT Dental Library | 17/11/2010 | U.B.S.DELHI | 550.00 | 1 | SGTU | 664 | 51 | 610 C2011C | FD6327 | 15/09/2023 | 31/08/2023 | 08/04/2013 | Books | 3 | ||||
| Dewey Decimal Classification | SGT Dental Library | SGT Dental Library | 17/11/2010 | U.B.S.DELHI | 550.00 | 1 | SGTU | 664 | 10 | 610 C2011C | FD6328 | 07/07/2025 | 07/07/2025 | 08/04/2013 | Books | |||||
| Dewey Decimal Classification | SGT Dental Library | SGT Dental Library | 17/11/2010 | U.B.S.DELHI | 550.00 | 1 | SGTU | 664 | 37 | 610 C2011C | FD6329 | 09/06/2025 | 09/06/2025 | 08/04/2013 | Books | |||||
| Dewey Decimal Classification | SGT Dental Library | SGT Dental Library | 17/11/2010 | U.B.S.DELHI | 550.00 | 1 | SGTU | 664 | 37 | 610 C2011C | FD6330 | 06/01/2026 | 23/12/2025 | 08/04/2013 | Books | 1 |